Gemeinden im Landkreis Ravensburg - Statistiken

Allgemein
  • Dieses Quiz wurde 132 mal gespielt
  • Das Durchschnittsergebnis liegt bei 15 aus 39
Antwortstatistiken
% Korrekt
Weingarten
86%
Wangen im Allgäu
80%
Ravensburg
79%
Bad Waldsee
65%
Leutkirch im Allgäu
64%
Baindt
63%
Isny im Allgäu
63%
Baienfurt
60%
Aulendorf
58%
Bad Wurzach
56%
Berg
55%
Wolfegg
46%
Grünkraut
44%
Amtzell
43%
Kißlegg
43%
Vogt
43%
Aitrach
40%
Waldburg
40%
Aichstetten
39%
Altshausen
39%
Horgenzell
38%
Schlier
35%
Wilhelmsdorf
35%
Bergatreute
34%
Wolpertswende
33%
Bodnegg
31%
Argenbühl
30%
Achberg
26%
Fronreute
25%
Fleischwangen
24%
Ebersbach-Musbach
23%
Boms
21%
Hoßkirch
16%
Riedhausen
14%
Königseggwald
13%
Guggenhausen
11%
Eichstegen
10%
Ebenweiler
9%
Unterwaldhausen
9%
Keine übereinstimmenden Quizze gefunden
Verteilung der Resultate
Anzahl Personen mit jedem Resultat
Perzentil nach korrekt beantworteten Fragen
Ihre Resultats-Entwicklung
Sie haben dieses Quiz noch nicht gespielt